Statistics for Born and died, where? #1

Click here to take the quiz!

General Stats

  • This quiz has been taken 6 times
  • The average score is 57 of 80

Answer Stats

QuestionTileSelect% Correct
Leonardo da VinciAthens, Duchy of AthensNo
100%
Bruce LeeBeijing, ChinaNo
100%
Jim MorrisonBerlin, GermanyNo
100%
Pablo PicassoBitche, FranceNo
100%
Amonute a.k.a. "Pocahontas"Boston, USANo
100%
Amonute a.k.a. "Pocahontas"Brighton, Kingdom of EnglandNo
100%
Catherine the GreatDanzig, PrussiaNo
100%
Idi AminDoha, QatarNo
100%
Idi AminDubai, United Arab EmiratesNo
100%
Leonardo da VinciGenoa, Republic of GenoaNo
100%
Joseph StalinGyőr, HungaryNo
100%
Joseph StalinGyumri, ArmeniaNo
100%
Bruce LeeHilo, HawaiiNo
100%
Jim MorrisonHonolulu, HawaiiNo
100%
Idi AminKhartoum, British SudanNo
100%
Idi AminKoboko, Uganda ProtectorateYes
100%
Marie CurieLuxembourg, LuxembourgNo
100%
Pablo PicassoMálaga, SpainYes
100%
Marie CurieMoscow, Russian EmpireNo
100%
Idi AminMuscat, OmanNo
100%
Marie CuriePrague, CzechoslovakiaNo
100%
Pablo PicassoQuimper, FranceNo
100%
Audrey HepburnSchengen, LuxembourgNo
100%
Bruce LeeTaipei, TaiwanNo
100%
Leonardo da VinciVerona, Republic of VeniceNo
100%
Jim MorrisonYuma, ArizonaNo
100%
Leonardo da VinciAjaccio, Republic of GenoaNo
80%
Audrey HepburnAntwerp, BelgiumNo
80%
Joseph StalinArkhangelsk, Soviet UnionNo
80%
Audrey HepburnBruges, BelgiumNo
80%
Bruce LeeGuangzhou, ChinaNo
80%
Catherine the GreatKaunas, Polish-Lithuanian CommonwealthNo
80%
Idi AminKigali, Rwanda ProtectorateNo
80%
Bruce LeeKowloon Tong, British Hong KongYes
80%
Marie CurieLiège, BelgiumNo
80%
Amonute a.k.a. "Pocahontas"London, CanadaNo
80%
Jim MorrisonLondon, UKNo
80%
Jim MorrisonMarseille, FranceNo
80%
Pablo PicassoMenton, FranceNo
80%
Idi AminMombasa, KenyaNo
80%
Amonute a.k.a. "Pocahontas"Panawamskek, Wabana'kiNo
80%
Jim MorrisonParis, FranceYes
80%
Catherine the GreatSaint Petersburg, Russian EmpireYes
80%
Pablo PicassoSeville, SpainNo
80%
Bruce LeeSham Shui Po, Hong KongNo
80%
Catherine the GreatVladimir, Russian EmpireNo
80%
Joseph StalinVladivostok, Soviet UnionNo
80%
Pablo PicassoZaragoza, SpainNo
80%
Audrey HepburnAmsterdam, the NetherlandsNo
60%
Idi AminJeddah, Saudi ArabiaYes
60%
Joseph StalinKazan, Soviet UnionNo
60%
Joseph StalinKuntsevo, Soviet UnionYes
60%
Pablo PicassoMadrid, SpainNo
60%
Amonute a.k.a. "Pocahontas"Mikasuke, MuskogeeNo
60%
Catherine the GreatMoscow, Russian EmpireNo
60%
Catherine the GreatPotsdam, GermanyNo
60%
Audrey HepburnSaint-Tropez, FranceNo
60%
Amonute a.k.a. "Pocahontas"Werowocomoco, TsenacommacahYes
60%
Catherine the GreatYaroslavl, Russian EmpireNo
60%
Leonardo da VinciFlorence, Republic of FlorenceNo
40%
Amonute a.k.a. "Pocahontas"Gravesend, Kingdom of EnglandYes
40%
Joseph StalinKutaisi, GeorgiaNo
40%
Amonute a.k.a. "Pocahontas"London, Kingdom of EnglandNo
40%
Jim MorrisonLong Beach, CaliforniaNo
40%
Bruce LeeLos Angeles, CaliforniaNo
40%
Audrey HepburnMalibu, CaliforniaNo
40%
Jim MorrisonMelbourne, FloridaYes
40%
Pablo PicassoMougins, FranceYes
40%
Marie CurieParis, FranceNo
40%
Leonardo da VinciVicenza, Republic of VeniceNo
40%
Leonardo da VinciVinci, Republic of FlorenceYes
40%
Marie CurieWarsaw, Russian EmpireYes
40%
Marie CurieWrocław, PolandNo
40%
Leonardo da VinciAmboise, Kingdom of FranceYes
20%
Audrey HepburnBrussels, BelgiumYes
20%
Joseph StalinGori, Russian EmpireYes
20%
Marie CuriePassy, FranceYes
20%
Bruce LeeSan Francisco, CaliforniaYes
20%
Catherine the GreatStettin, PrussiaYes
0%
Audrey HepburnTolochenaz, SwitzerlandYes
0%

Score Distribution

Percentile by Number Answered

Percent of People with Each Score

Your Score History

You have not taken this quiz